1271 1980 1721 1986 1326 1048 1126 1111 1422 1247 1853 1122 1590 1074 1241 1558 1194 1972 1640 1392 1148 1800 1130 1476 1612 1428 1785 1980 1961 1504 1523 1716 1600 1634 1645 1205 1467 1066 1915 1149 1265 1991 1128 1423 1024 1291 1990 1265 1695 1830 1926 1132 1038 1990 1742 1480 1717 1056 1440 1934 1407 1011 1232 1987 1177 1266 1851 1495 1597 1843 1624 1345 1793 1184 1881 1697 1343 1685 1986 1503 1488 1266 1167 1228 1246 1103 1394 1210 1850 1419 1513 1018 1824 1432 1376 1973 1704 1203 2000 BCNSPRNW ULIB Ver.6.0+V

เปลี่ยนเป็นภาษาไทย

Change to English
 แสดงรายละเอียดบรรณานุกรม
  กลับหน้าหลัก

Brief Record : Get Marc (ISO 2709) : E-mail record : QR code < ปิดหน้าต่าง
LEADER : 00000nam 2200000uu 4500
001    13399125303
003     ULIB
008    170405s2558||||th 000 0 tha d
020    ^a9789746729857
060    ^aWJ168 พ764ร
100    ^aพิษณุ มหาวงศ์ และสุริธร สุนทรพันธ์
245    ^aโรคที่พบบ่อยในศัลยศาสตร์ระบบปัสสาวะ Common Diseases in Urology
250    ^aพิมพ์ครั้งที่ 1
260    ^aเชียงใหม่ :^bภาควิชาศัลยศาสตร์ คณะแพทยศาสตร์ มหาวิทยาลัยเชียงใหม่,^c2558
300    ^a272 หน้า^bภาพประกอบ
650    ^aระบบปัสสาวะ
650    ^aศัลยศาสตร์^xระบบปัสสาวะ
945    ^p0^l0^i001868
945    ^p0^l0^i001869
945    ^p0^l0^i001870
945    ^p0^l0^i001871
945    ^p0^l0^i001872
945    ^p0^l0^i001873
999    ^aวรรณษา ชูชัยมงคล
รายการนี้ยังไม่มีแท็ก
คุณยังไม่ได้ล็อกอิน คุณสามารถมีกิจกรรมร่วมกับเว็บไซต์ได้ แต่ต้องล็อกอินก่อน ::
  ล็อกอิน

รายการสื่อสารสนเทศ

ลำดับที่ ประเภท เลขเรียก/บาร์โค้ด สถานที่ สถานะ
1. วิทยาศาสตร์การแพทย์ และสุขภาพ
วิทยาศาสตร์การแพทย์ และสุขภาพ
สถานะ=หนังสือเก่า
WJ168 พ764ร ฉ.1 
  Barcode: 001868
ห้องสมุดวิทยาเขตสวรรค์ประชารักษ์
►ส่วนจัดเก็บหนังสือเก่า สปร
บนชั้น
  ขอยืม
2. วิทยาศาสตร์การแพทย์ และสุขภาพ
วิทยาศาสตร์การแพทย์ และสุขภาพ
สถานะ=หนังสือเก่า
WJ168 พ764ร ฉ.2 
  Barcode: 001869
ห้องสมุดวิทยาเขตสวรรค์ประชารักษ์
►ส่วนจัดเก็บหนังสือเก่า สปร
บนชั้น
  ขอยืม
3. วิทยาศาสตร์การแพทย์ และสุขภาพ
วิทยาศาสตร์การแพทย์ และสุขภาพ
สถานะ=หนังสือเก่า
WJ168 พ764ร ฉ.3 
  Barcode: 001870
ห้องสมุดวิทยาเขตสวรรค์ประชารักษ์
►ส่วนจัดเก็บหนังสือเก่า สปร
บนชั้น
  ขอยืม
4. วิทยาศาสตร์การแพทย์ และสุขภาพ
วิทยาศาสตร์การแพทย์ และสุขภาพ
สถานะ=หนังสือเก่า
WJ168 พ764ร ฉ.4 
  Barcode: 001871
ห้องสมุดวิทยาเขตสวรรค์ประชารักษ์
►ส่วนจัดเก็บหนังสือเก่า สปร
บนชั้น
  ขอยืม
5. วิทยาศาสตร์การแพทย์ และสุขภาพ
วิทยาศาสตร์การแพทย์ และสุขภาพ
สถานะ=หนังสือเก่า
WJ168 พ764ร ฉ.5 
  Barcode: 001872
ห้องสมุดวิทยาเขตสวรรค์ประชารักษ์
►ส่วนจัดเก็บหนังสือเก่า สปร
บนชั้น
  ขอยืม
6. วิทยาศาสตร์การแพทย์ และสุขภาพ
วิทยาศาสตร์การแพทย์ และสุขภาพ
WJ168 พ764ร ฉ.6 
  Barcode: 001873
ห้องสมุดวิทยาเขตสวรรค์ประชารักษ์
►หนังสือทั่วไป
บนชั้น

รายการใกล้เคียง
    หัวเรื่อง [ระบบปัสสาวะ]

BibComment


ยังไม่เคยถูกคอมเมนท์

คอมเมนท์ทรัพยากรรายการนี้
  คอมเมนท์: โรคที่พบบ่อยในศั..


 Copyright 2026. Bcnsprnw @Library